| 000 | 01034nam0a22002651 4500 | ||
|---|---|---|---|
| 001 | RU\NLR\INFOCOMM_190\5000053851 | ||
| 005 | 20250613094011.0 | ||
| 035 | _a(NLR Aleph) 009234446 | ||
| 090 |
_a8886301 _c8886301 |
||
| 100 | _a20100626d1986 |||y0rusy50 ca | ||
| 101 | 0 | _apol | |
| 102 | _aRU | ||
| 105 | _aa ||||000|y | ||
| 200 | 1 |
_aCzłowiek świata socjalistycznego _e[Materiały konkursu, ogłoszonego z okazji czterdziestej rocznicy zwycięstwa nad niemieckim faszyzmem oraz czterdziestolecia światowego systemu socjal.] _fOprac. Michaił Antipov |
|
| 210 |
_aΜ. _cWyd-wo Agencji prasowej "Nowosti" _d1986 |
||
| 215 |
_a69 с. _cил., портр. _d19 см |
||
| 300 | _aВ вып. дан.: Человек социалистического мира | ||
| 606 |
_aСоциалистический образ жизни _2nlr_sh1 |
||
| 686 |
_aC556.471 _2rubbk |
||
| 702 | 1 |
_aAntipov _bM. _gMichail _4220 |
|
| 801 | 1 |
_aRU _bNLR _c20100626 |
|
| 801 | 0 |
_aRU _bNLR _gPSBO |
|
| 852 |
_aNLR _jСл Пол-2/11758 |
||
| 942 | _cBOOK | ||
| 980 | _aNB | ||